|
|
|
|
| LEADER |
00000nam0a2200000 4500 |
| 001 |
137753 |
| 005 |
20231031141155.0 |
| 010 |
|
|
|a 9785948330235
|
| 035 |
|
|
|a (RuTPU)RU\TPU\book\149283
|
| 090 |
|
|
|a 137753
|
| 100 |
|
|
|a 20080515d2007 km y0rusy50 ca
|
| 101 |
1 |
|
|a rus
|c eng
|
| 102 |
|
|
|a RU
|
| 105 |
|
|
|a a z 001zy
|
| 200 |
1 |
|
|a Передача данных в системах контроля и управления
|e практическое руководство
|e пер. с англ.
|f Дж. Парк, С. Маккей, Э. Райт
|
| 210 |
|
|
|a Москва
|c Группа ИДТ
|d 2007
|
| 215 |
|
|
|a 480 с.
|c ил.
|
| 225 |
1 |
|
|a Безопасность и системы промышленной автоматизации. Опыт практического применения
|
| 320 |
|
|
|a Глоссарий: с. 433-461.
|
| 320 |
|
|
|a Предметный указатель: с. 462-471.
|
| 330 |
|
|
|a Данное издание является фундаментальным руководством по коммуникационным технологиям и протоколам и предназначено для инженерного проектирования, выбора и использования систем контроля и управления. Оно содержит информацию, необходимую для анализа, выбора и отладки коммуникационных систем, включая самые новейшие цифровые технологии. В книге рассматриваются многие стандарты, включая RS-232, RS-422 и RS-485, промышленные сети и протоколы, интеллектуальные измерительные приборы, а также системы FieldBus и DeviceNet. Книга будет полезна инженерам и техническим специалистам, занимающимся разработкой, обслуживанием и технической поддержкой систем контроля и управления, а также желающим повысить свой уровень профессиональных знаний, необходимых для текущей работы с новыми технологиями.
|
| 610 |
1 |
|
|a автоматика
|
| 610 |
1 |
|
|a системы контроля
|
| 610 |
1 |
|
|a системы управления
|
| 610 |
1 |
|
|a коммуникационные технологии
|
| 610 |
1 |
|
|a передача данных
|
| 610 |
1 |
|
|a стандарты
|
| 610 |
1 |
|
|a ошибки
|
| 610 |
1 |
|
|a обнаружение
|
| 610 |
1 |
|
|a кабельные сети
|
| 610 |
1 |
|
|a построение
|
| 610 |
1 |
|
|a электрические шумы
|
| 610 |
1 |
|
|a помехи
|
| 610 |
1 |
|
|a модемы
|
| 610 |
1 |
|
|a мультиплексоры
|
| 610 |
1 |
|
|a протоколы
|
| 610 |
1 |
|
|a открытые системы
|
| 610 |
1 |
|
|a взаимодействие
|
| 610 |
1 |
|
|a промышленные протоколы
|
| 610 |
1 |
|
|a HART
|
| 610 |
1 |
|
|a DeviceNET
|
| 610 |
1 |
|
|a локальные сети
|
| 610 |
1 |
|
|a практические руководства
|
| 675 |
|
|
|a 681.518.5
|v 3
|
| 675 |
|
|
|a 681.327.8
|v 3
|
| 700 |
|
1 |
|a Парк
|b Дж.
|g Джон
|
| 701 |
|
1 |
|a Маккей
|b С.
|g Стив
|
| 701 |
|
1 |
|a Райт
|b Э.
|g Эдвин
|
| 801 |
|
1 |
|a RU
|b 63413507
|c 20080515
|g PSBO
|
| 801 |
|
2 |
|a RU
|b 63413507
|c 20081117
|g PSBO
|
| 942 |
|
|
|c BK
|
| 959 |
|
|
|a 49/20080514
|d 1
|e 1470,00
|f ЧЗТЛ:1
|